| 000 | 00743nam a22002297a 4500 | ||
|---|---|---|---|
| 001 | 86502 | ||
| 003 | UA-OsUOA | ||
| 005 | 20211016095257.0 | ||
| 007 | ta | ||
| 008 | 20120904b un ||||| |||| 00| 0 ukr d | ||
| 020 | _a5-7581-0019-2 | ||
| 040 |
_aUA-OsUOA _brus _cUA-OsUOA _dUA-OsUOA |
||
| 041 | _arus | ||
| 080 | _a94(47+57) | ||
| 090 |
_a94(47+57) _bИ90 |
||
| 245 |
_aИстория Магаданской области: с начала ХХ века по 1937 год _bучебн. пособие для учащихся 10-х кл. школ Магадан. обл. _cДиков Н. Н. |
||
| 260 |
_aМагадан _bКн. изд-во _c1991 |
||
| 300 | _a149 с. | ||
| 650 | 7 |
_a94 Історія _2UDC |
|
| 942 |
_cBK _2udc |
||
| 955 | _a2 | ||
| 999 |
_c372555 _d372555 |
||